ბათუმის შოთა რუსთაველის სახელმწიფო უნივერსიტეტის ბიბლიოთეკა

The Jester (ბიბ.ჩანაწერი № 46582)

000 -LEADER
fixed length control field 00393nam a2200181Ia 4500
001 - CONTROL NUMBER
control field 13422
003 - CONTROL NUMBER IDENTIFIER
control field GE_BSU
008 - FIXED-LENGTH DATA ELEMENTS--GENERAL INFORMATION
fixed length control field 181216s||||||||xx |||||||||||||| ||und||
020 ## - INTERNATIONAL STANDARD BOOK NUMBER
International Standard Book Number 9780755300204
040 ## - CATALOGING SOURCE
Transcribing agency GE_BSU
100 ## - MAIN ENTRY--PERSONAL NAME
Personal name Patterson,james and Drew Cross
245 #4 - TITLE STATEMENT
Title The Jester
260 ## - PUBLICATION, DISTRIBUTION, ETC.
Place of publication, distribution, etc. London
260 ## - PUBLICATION, DISTRIBUTION, ETC.
Name of publisher, distributor, etc. Headline
300 ## - PHYSICAL DESCRIPTION
Extent 532p.20cm.
653 ## - INDEX TERM--UNCONTROLLED
Uncontrolled term The Jester
942 ## - ADDED ENTRY ELEMENTS (KOHA)
Koha item type წიგნი

არაა ხელმისაწვდომი ეგზემპლარები.